000 00650nam a2200217 a 4500
005 20230602063731.0
008 050628m19852000mx 000 0 spa d
020 _a9688562882
035 _aUPN01000140467
049 _aCG
050 4 _aPQ7298.22 E5
_bA8
100 1 _aLeñero, Vicente,
_d1933-
245 1 0 _aAsesinato :
_bel doble crimen de los Flores Muñoz /
_cVicente Leñero.
260 _aMéxico :
_bPlaza y Valdés,
_c1985 (2000 impr.).
300 _a455 p. :
_bil.
440 0 _aNarrativa
650 4 _aNovela mexicana
_94557
650 4 _aASESINATO EN LA LITERATURA
_92194
650 4 _aPROCESOS POR ASESINATO
_92113
905 _aLibro
999 _c112615
_d112615